000
00280nam a2200121Ia 4500
008
240624s9999 xx 000 0 und d
041
_a
eng
082
_a
891.46 DES
100
_a
DESHPANDEY PU LA
245
_a
EK SHUNYA ME
260
_c
2017
_a
Pune
_b
Mauj Prakashan
365
_c
RS
999
_c
31382
_d
31382